[Event "Marienbad IM-I 2022"]
[Site "Marianske Lazne"]
[Date "2022.01.19"]
[Round "6.14"]
[White "Ricken, Katharina"]
[Black "Gnojek, Petr"]
[Result "0-1"]
[WhiteElo "2004"]
[BlackElo "2257"]
[Annotator "ChessBase"]
[PlyCount "86"]
[EventDate "2022.01.15"]
[EventType "tourn"]
[EventCountry "CZE"]
[SourceTitle "playchess.com"]
[Source "ChessBase"]
[SourceQuality "1"]
[TimeControl "40/5400+30:1800+30"]

1. Nf3 {[%emt 0:00:01]} Nf6 {[%emt 0:00:06]} 2. g3 {[%emt 0:00:03]} g6 {[%emt 0:00:04]} 3. b3 {[%emt 0:00:03]} Bg7 {[%emt 0:00:04]} 4. Bb2 {[%emt 0:00:03]} c5 {[%emt 0:00:04]} 5. c4 {[%emt 0:00:03]} d6 {[%emt 0:00:04]} 6. Bg2 {[%emt 0:00:03]} e5 {[%emt 0:00:03]} 7. d3 {[%emt 0:00:07]} O-O {[%emt 0:00:11]} 8. Nc3 {[%emt 0:00:07]} Nc6 {[%emt 0:00:04]} 9. O-O {[%emt 0:00:04]} a6 {[%emt 0:00:48]} 10. Ne1 {[%emt 0:00:11]} Bd7 {[%emt 0:00:19]} 11. Nc2 {[%emt 0:00:12]} Rb8 {[%emt 0:02:19]} 12. Ne3 {[%emt 0:00:10]} b5 {[%emt 0:06:20]} 13. Ned5 {[%emt 0:01:15]} Nxd5 {[%emt 0:07:12]} 14. Nxd5 {[%emt 0:00:09]} f5 {[%emt 0:00:42]} 15. e3 {[%emt 0:00:18]} Be6 {[%emt 0:08:47]} 16. Qd2 {[%emt 0:00:46]} Ne7 {[%emt 0:03:25]} 17. f4 {[%emt 0:01:46]} Qd7 {[%emt 0:09:04]} 18. Rae1 {[%emt 0:00:48]} Rbe8 {[%emt 0:04:34]} 19. Re2 {[%emt 0:03:57]} Nxd5 {[%emt 0:02:06]} 20. cxd5 {[%emt 0:00:35]} Bf7 {[%emt 0:00:04]} 21. e4 {[%emt 0:01:38]} Re7 {[%emt 0:08:33]} 22. fxe5 {[%emt 0:02:57]} Bxe5 {[%emt 0:02:30]} 23. Bh3 {[%emt 0:00:17]} Qe8 {[%emt 0:01:41]} 24. Ref2 {[%emt 0:03:04]} Bxb2 {[%emt 0:13:39]} 25. Qxb2 {[%emt 0:00:02]} Re5 {[%emt 0:00:04]} 26. Qd2 {[%emt 0:14:34]} Qe7 {[%emt 0:03:11]} 27. Qh6 {[%emt 0:01:47]} Re8 {[%emt 0:07:46]} 28. g4 {[%emt 0:02:48]} Qf8 {[%emt 0:02:19]} 29. Qxf8+ {[%emt 0:03:45]} Kxf8 {[%emt 0:00:03]} 30. gxf5 {[%emt 0:01:14]} g5 {[%emt 0:00:01]} 31. f6 {[%emt 0:02:38]} c4 {[%emt 0:04:48]} 32. Bf5 {[%emt 0:04:22]} cxd3 {[%emt 0:01:21]} 33. Bxh7 {[%emt 0:01:04]} Rc8 {[%emt 0:02:41]} 34. Rd2 {[%emt 0:00:53]} Bh5 {[%emt 0:01:40]} 35. Kf2 {[%emt 0:07:07]} Be2 {[%emt 0:03:10]} 36. Rg1 {[%emt 0:00:02]} Kf7 {[%emt 0:01:45]} 37. Bf5 {[%emt 0:03:42]} Rh8 {[%emt 0:01:37]} 38. Rxg5 {[%emt 0:03:06]} Rxh2+ {[%emt 0:01:36]} 39. Ke3 {[%emt 0:02:03]} Rh6 {[%emt 0:01:37]} 40. Rg7+ {[%emt 0:02:34]} Kf8 {[%emt 0:01:59]} 41. Bg4 {[%emt 0:32:21]} Rxf6 {[%emt 0:30:55]} 42. Bxe2 {[%emt 0:04:00]} dxe2 {[%emt 0:00:04]} 43. Rg1 {[%emt 0:01:53]} Rf1 {[%emt 0:00:08]} 0-1

[Event "Marienbad IM-I 2022"]
[Site "Marianske Lazne"]
[Date "2022.01.19"]
[Round "6.15"]
[White "Plischki, Sebastian"]
[Black "Redzisz, Michal"]
[Result "1/2-1/2"]
[WhiteElo "2375"]
[BlackElo "2261"]
[Annotator "TA"]
[PlyCount "112"]
[EventDate "2022.01.15"]
[EventType "tourn"]
[EventCountry "CZE"]
[SourceTitle "playchess.com"]
[Source "ChessBase"]
[SourceQuality "1"]

{[%evp 14,112,16,16,14,0,3,10,6,8,0,1,16,14,14,16,11,10,10,8,9,9,25,20,41,33,46,39,47,12,56,6,24,22,31,31,32,43,71,71,71,71,71,71,71,72,93,83,97,97,97,96,96,77,96,96,96,77,96,19,77,62,96,96,96,66,96,96,96,96,96,96,96,96,96,96,96,96,97,96,96,96,97,97,97,97,97,97,97,97,97,97,97,97,97,97,97,97,97,0,97]} 1. d4 Nf6 2. c4 e6 3. Nc3 Bb4 4. e3 O-O 5. Bd2 d5 6. Nf3 c5 7. a3 Bxc3 8. Bxc3 cxd4 {E51: Nimzo-Indian: Rubinstein: 4...0-0 5 Nf3 d5.} 9. Qxd4 Nc6 10. Qh4 Ne4 11. Qxd8 Rxd8 12. Rc1 Nxc3 13. Rxc3 d4 14. exd4 Nxd4 15. Nxd4 Rxd4 16. Rd3 Rxd3 17. Bxd3 $11 {[%mdl 4096] [#] Endgame KRB-KRB} Bd7 $146 ({Predecessor:} 17... e5 18. Be4 Be6 19. c5 Rc8 20. b4 b6 21. Bb7 Rc7 22. c6 Bd5 23. O-O Bxc6 {0-1 (58) Perez Leiva,J (2384)-Aditya,M (2438) Chess.com INT 2021}) 18. Kd2 Bc6 19. f3 a5 20. Kc3 Kf8 21. Rd1 ({Not} 21. Bxh7 g6 22. b4 Rc8 23. Bxg6 (23. bxa5 $2 Bd5 $19) 23... fxg6 $17) 21... Ke7 (21... b6 $11 {was preferrable.}) 22. Rd2 ({Stronger than} 22. Bxh7 g6 23. h3 Rh8 24. Bxg6 fxg6 $17) (22. c5 $14) 22... h5 23. b4 axb4+ 24. axb4 b6 25. b5 Bd7 26. Kb4 g5 27. c5 bxc5+ 28. Kxc5 Rc8+ 29. Kb6 Rb8+ 30. Kc7 Rxb5 31. Bxb5 Bxb5 $16 {KR-KB} 32. g3 Bc4 33. Rd4 Be2 34. f4 gxf4 35. Rxf4 Bg4 36. Re4 (36. Kc6 $16) 36... Bf3 (36... f6 $1 $11 {remains equal.}) 37. Re3 Bg2 {[#]} 38. Re2 $1 Bf3 39. Re1 Bd5 40. Kb6 Kd6 41. Kb5 f5 42. Kb4 Be4 43. Kc3 Ke5 44. Rf1 Kf6 45. h4 e5 46. Kd2 Bg2 47. Rf2 Bd5 48. Ke3 Be6 49. Rb2 Bc4 50. Rb6+ Be6 51. Ra6 Ke7 52. Ra8 Kf6 53. Re8 Bf7 54. Rh8 Kg7 55. Rb8 Kf6 56. Rb6+ Be6 $1 {Weighted Error Value: White=0.09 (flawless) /Black=0.08 (flawless)} 1/2-1/2

[Event "Marienbad IM-I 2022"]
[Site "Marianske Lazne"]
[Date "2022.01.20"]
[Round "7.11"]
[White "Redzisz, Michal"]
[Black "Matras, Ondrej"]
[Result "1-0"]
[WhiteElo "2261"]
[BlackElo "2223"]
[Annotator "TA"]
[PlyCount "105"]
[EventDate "2022.01.15"]
[EventType "tourn"]
[EventCountry "CZE"]
[SourceTitle "playchess.com"]
[Source "ChessBase"]
[SourceQuality "1"]

{[%evp 9,105,12,40,36,47,40,105,91,86,57,164,131,144,148,191,200,216,212,226,227,208,205,220,221,245,187,245,206,262,243,284,200,245,193,241,241,238,223,214,190,261,262,258,213,279,226,254,236,218,190,179,189,189,189,195,177,263,210,206,219,206,202,174,173,285,276,273,247,313,338,336,329,314,310,367,344,394,351,560,560,544,533,506,535,886,883,867,862,934,934,952,949,5510,4591,3038,3055,1872,1460]} 1. d4 d5 2. c4 c6 3. Nf3 Nf6 4. Nbd2 Bf5 5. Nh4 Bg6 6. Qb3 {D11: Slav Defence: 3 Nf3 sidelines and 3...Nf6 4 e3 Bg4.} Qb6 7. Qh3 Nbd7 (7... Bc2 $1 $14) 8. Nxg6 $16 {White is better.} fxg6 9. e3 O-O-O ({Black should play} 9... e5 $1 $14) 10. Be2 Kb8 11. c5 $36 {[%mdl 2048] White is in control.} Qc7 {[#]} (11... Qa5 $16) 12. f4 $146 ({Predecessor:} 12. Qe6 g5 13. b4 g6 14. b5 Bh6 15. Rb1 Ka8 16. O-O Nf8 17. Qh3 Bg7 18. b6 axb6 19. cxb6 {1-0 (27) Rogozenco,T (2024)-Karykowska,A (1884) Mamaia 2017}) 12... Ka8 13. O-O Nb8 14. Bd3 Qd7 15. Rf3 Rg8 16. b4 Re8 17. Bb2 Rc8 (17... Qxh3 {might work better.} 18. Rxh3 e6) 18. a3 Re8 19. Re1 Rd8 20. Kh1 Re8 21. Ref1 Rd8 (21... Qxh3 {was called for.} 22. Rxh3 Nbd7) 22. Rg1 Qg4 23. Rg3 Qd7 24. Re1 Nh5 {[#]} (24... Qxh3 {was worth a try.} 25. Rxh3 (25. gxh3 e6 $16) 25... e6) 25. Rf3 $1 {Hoping for g4.} Nf6 26. Bb1 Re8 27. Kg1 Rd8 28. Qh4 e6 29. e4 Be7 {[#] White must now prevent ...Nxe4.} 30. Qh3 $1 {aiming for e5.} dxe4 31. Nxe4 (31. Bxe4 $6 Na6 $16) 31... Nxe4 32. Rxe4 g5 (32... Rh8 $142 33. Ba2 (33. Rxe6 Bf6 $16) (33. Qxe6 Qxe6 34. Rxe6 Bf6 $16) 33... Bf6) 33. Qxe6 ({Weaker is} 33. Rxe6 Bf6 $16) 33... Bf6 34. fxg5 Bxg5 35. Rf7 Qxe6 36. Rxe6 Bf6 (36... h6 $142 37. Bh7 Rge8 38. Rxe8 Rxe8 39. Rxg7 Rf8) 37. Bxh7 Rh8 38. Be4 Rhe8 39. Rxe8 Rxe8 40. Bf5 a5 41. Kf2 ({But not} 41. bxa5 Re2) 41... axb4 42. axb4 Ka7 43. Bc3 Ka8 (43... Na6 $142 44. Kf3 Kb8) 44. g3 {[%cal Bg2g3,Bg3g4][%mdl 32] White is clearly winning.} Na6 45. Bd3 Ka7 46. h4 {[%cal Bh2h4,Bh4h5,Bh5h6][%mdl 32]} Kb8 47. Bxa6 bxa6 {[%mdl 4096] Endgame KRB-KRB} 48. h5 Rh8 49. g4 Re8 50. Kf3 Re6 {[#]} 51. d5 $1 cxd5 52. Bxf6 gxf6 53. h6 {Weighted Error Value: White=0.16 (very precise) /Black=0.36} 1-0

[Event "Marienbad IM-I 2022"]
[Site "Marianske Lazne"]
[Date "2022.01.20"]
[Round "7.12"]
[White "Gnojek, Petr"]
[Black "Plischki, Sebastian"]
[Result "1/2-1/2"]
[WhiteElo "2257"]
[BlackElo "2375"]
[Annotator "TA"]
[PlyCount "111"]
[EventDate "2022.01.15"]
[EventType "tourn"]
[EventCountry "CZE"]
[SourceTitle "playchess.com"]
[Source "ChessBase"]
[SourceQuality "1"]

{[%evp 9,111,30,34,35,34,18,28,19,18,6,12,-11,-3,-7,-6,-12,0,0,13,-27,-38,-42,-30,-47,-46,-72,-41,-68,0,-6,-6,-8,0,0,0,0,52,0,17,12,20,0,-2,-17,0,0,0,0,0,-40,-40,-47,-6,-40,-28,-53,-60,-64,-42,-62,-77,-67,-27,-99,0,0,0,-110,0,0,0,0,0,0,0,-8,-8,-8,-8,-8,0,0,0,-8,-8,-8,-8,-8,-8,-8,-8,-8,-8,-8,-8,-8,-8,-8,-8,-8,-8,-8,0,0]} 1. d4 Nf6 2. c4 g6 3. f3 c5 4. d5 d6 5. e4 Bg7 6. Ne2 {[%cal Bg1e2,Be2c3,Bc3d5][%mdl 32] E60: King's Indian: Unusual lines and Fianchetto Variation without Nc3.} e6 7. Nec3 {7.Nbc3 gains popularity.} Nh5 8. Be3 {White has an edge.} f5 9. Qd2 {[#]} O-O $146 ({Predecessor:} 9... f4 10. Bxf4 Nxf4 11. Qxf4 Be5 12. Qd2 O-O 13. Bd3 Qh4+ 14. Qf2 Qf6 15. a3 a6 {½-½ (31) Korkus,M (2310)-Palladino,M (2179) ICCF email 2020}) 10. Bd3 f4 11. Bf2 exd5 12. Nxd5 Nc6 13. Nbc3 Be6 14. O-O-O a6 15. Kb1 Rb8 16. Be2 Nd4 $1 17. Rc1 Rf7 18. Bd3 Qa5 (18... b5 $15) 19. Rhd1 $11 b5 20. Ne2 Qxd2 21. Rxd2 {Black must now prevent Nxd4.} Nxe2 22. Bxe2 Bxd5 (22... b4 $11) 23. cxd5 (23. Rxd5 $14 bxc4 24. Rc2) 23... Be5 24. b4 c4 25. Bd4 Bxd4 26. Rxd4 Nf6 27. Kb2 Nd7 28. Kc3 Ne5 29. Rd2 Ra7 30. a4 bxa4 (30... a5 $1 $15 {is superior.} 31. axb5 Rxb5) 31. Ra1 a5 32. Rxa4 axb4+ 33. Rxb4 Ra3+ 34. Kb2 $1 Rxb4+ 35. Kxa3 $15 {[%mdl 4096] Endgame KRB-KRN} Rb3+ 36. Ka4 {[#]} (36. Ka2 $1 $11 {keeps the balance.}) 36... Re3 ({Black should play} 36... Rc3 $1 $17) 37. Kb4 (37. Rc2 $11) 37... Rb3+ $17 38. Ka4 {[%cal Oe2c4] [#]} Re3 (38... Rc3 $1 $17) 39. Kb4 {The position is equal.} c3 40. Rc2 g5 41. h3 h5 42. Ba6 g4 43. hxg4 hxg4 44. fxg4 Nxg4 45. Rxc3 Kf7 46. Bc8 Rxe4+ 47. Rc4 Nf2 48. Rxe4 Nxe4 $11 {KB-KN} 49. Kc4 Kf6 50. Kd4 Nc5 51. Bg4 Kg5 52. Bf3 Kf5 53. Bd1 Nd7 54. Bf3 Kg5 55. Ke4 Nc5+ 56. Kd4 {Weighted Error Value: White=0.10 (very precise) /Black=0.12 (very precise)} 1/2-1/2

[Event "Marienbad IM-I 2022"]
[Site "Marianske Lazne"]
[Date "2022.01.20"]
[Round "7.13"]
[White "Frank, Adam"]
[Black "Ricken, Katharina"]
[Result "1/2-1/2"]
[WhiteElo "2339"]
[BlackElo "2004"]
[Annotator "TA"]
[PlyCount "30"]
[EventDate "2022.01.15"]
[EventType "tourn"]
[EventCountry "CZE"]
[SourceTitle "playchess.com"]
[Source "ChessBase"]
[SourceQuality "1"]

{[%evp 15,30,12,32,4,15,11,11,0,0,0,0,0,0,0,0,0,0]} 1. e4 e6 2. d4 d5 3. Nd2 c5 4. exd5 exd5 5. Ngf3 a6 6. dxc5 Bxc5 7. Nb3 Bb6 8. Bd3 {8.Qe2+ is vanishing.} Nf6 9. O-O {[%cal Bh1f1,Bf1e1,Be1e5][%mdl 32] C08: French Tarrasch: 3...c5 4 exd5 exd5 sidelines.} O-O {The position is equal.} 10. h3 Qd6 {[#]} 11. Re1 $146 ({Predecessor:} 11. Nbd4 Nc6 12. c3 Be6 13. Re1 Nxd4 14. cxd4 h6 15. Be3 Rac8 16. Ne5 Ne4 17. Bf4 Bxd4 18. Bxe4 dxe4 19. Rxe4 {1-0 (37) Russo,J (2084)-Leloutre,B (1883) Charleroi 2010}) 11... Bxh3 $1 12. gxh3 {[#] And now Nbd4 would win.} Qg3+ $1 13. Kh1 Qxh3+ 14. Nh2 $1 Bxf2 ({But not} 14... Bc7 15. f4 $16) 15. Re5 Bg3 {[%csl LRe5,LRh2] An interesting draw.  Weighted Error Value: White=0.05 (flawless) /Black=0.03 (flawless)} 1/2-1/2

[Event "Marienbad IM-I 2022"]
[Site "Marianske Lazne"]
[Date "2022.01.20"]
[Round "7.14"]
[White "Jurek, Josef"]
[Black "Smolik, Jachym"]
[Result "1/2-1/2"]
[WhiteElo "2207"]
[BlackElo "2244"]
[Annotator "TA"]
[PlyCount "37"]
[EventDate "2022.01.15"]
[EventType "tourn"]
[EventCountry "CZE"]
[SourceTitle "playchess.com"]
[Source "ChessBase"]
[SourceQuality "1"]

{[%evp 9,37,16,33,27,30,28,37,34,43,24,23,29,36,35,34,22,28,10,17,15,10,23,14,9,11,0,0,0,9,-14]} 1. Nf3 Nf6 2. g3 e6 3. Bg2 d5 4. O-O b5 5. b3 Nbd7 6. c4 {A07: Réti Opening: New York and Capablanca Systems.} a6 {[#]} 7. Qc2 $146 ({Predecessor:} 7. cxd5 exd5 8. Bb2 Bb7 9. d4 Bd6 10. Nh4 g6 11. a4 O-O 12. axb5 axb5 13. Rxa8 Qxa8 {½-½ (52) Rogemont,A (2381)-Ferreira,N (2373) Brazil CXEB 1999}) 7... c5 8. cxd5 {White is slightly better.} Nxd5 9. Nc3 (9. Bb2 {keeps more tension.} Bb7 10. a4 Nb4 11. Qd1 Rc8 12. Na3) 9... Bb7 10. Nxd5 Bxd5 11. Bb2 Nf6 12. Rfe1 Be7 13. Rad1 Qb6 14. e4 Bb7 15. d4 cxd4 16. Bxd4 {The position is equal.} Qa5 17. Re2 Rc8 18. Qb1 O-O 19. Ne1 {Weighted Error Value: White=0.05 (flawless) /Black=0.04 (flawless)} (19. Ng5 $5 {[%cal Re4e5]} g6 20. e5 $11) 1/2-1/2

[Event "Marienbad IM-I 2022"]
[Site "Marianske Lazne"]
[Date "2022.01.20"]
[Round "7.15"]
[White "Mantovani, Renzo"]
[Black "Bracker, Arne"]
[Result "0-1"]
[WhiteElo "2272"]
[BlackElo "2268"]
[Annotator "RC"]
[PlyCount "96"]
[EventDate "2022.01.15"]
[EventType "tourn"]
[EventCountry "CZE"]
[SourceTitle "playchess.com"]
[Source "ChessBase"]
[SourceQuality "1"]
[TimeControl "40/5400+30:1800+30"]

1. Nf3 {[%emt 0:00:12]} d5 {[%emt 0:00:09]} 2. g3 {[%emt 0:00:54]} Nf6 {[%emt 0:00:21]} 3. Bg2 {[%emt 0:00:34]} e6 {[%emt 0:00:20]} 4. O-O {[%emt 0:01:00]} Be7 {[%emt 0:00:05]} 5. d3 {[%emt 0:03:11]} O-O {[%emt 0:00:28]} 6. Nbd2 {[%emt 0:03:10]} Nc6 {[%emt 0:00:30]} 7. e4 {[%emt 0:13:09]} dxe4 {[%emt 0:02:10]} 8. dxe4 {[%emt 0:00:20]} b6 {[%emt 0:00:21]} 9. Re1 {[%emt 0:03:28]} Bb7 {[%emt 0:01:24]} 10. c3 {[%emt 0:12:51]} Nd7 {[%emt 0:04:18]} 11. Qc2 {[%emt 0:05:04]} Nc5 {[%emt 0:12:56]} 12. Bf1 {[%emt 0:06:00]} a5 {[%emt 0:01:01]} 13. Nb3 {[%emt 0:02:12]} Nxb3 {[%emt 0:08:52]} 14. axb3 {[%emt 0:00:51]} Bc5 {[%emt 0:02:17]} 15. Bg5 {[%emt 0:04:21]} Qe8 {[%emt 0:01:28]} 16. Bb5 {[%emt 0:01:53]} h6 {[%emt 0:05:44]} 17. Be3 {[%emt 0:05:05]} Qe7 {[%emt 0:05:34]} 18. Rad1 {[%emt 0:13:05]} Rfd8 {[%emt 0:06:31]} 19. Qe2 {[%emt 0:03:34]} Rxd1 {[%emt 0:06:11]} 20. Rxd1 {[%emt 0:01:03]} Bxe3 {[%emt 0:00:20]} 21. Qxe3 {[%emt 0:00:40]} Rd8 {[%emt 0:00:20]} 22. Rxd8+ {[%emt 0:01:50]} Qxd8 {[%emt 0:00:37]} 23. Bxc6 {[%emt 0:03:50]} Bxc6 {[%emt 0:04:08]} 24. Qd2 {[%emt 0:07:52]} Qa8 {[%emt 0:13:35]} 25. Ne5 {[%emt 0:01:05]} Bxe4 {[%emt 0:03:58]} 26. f3 {[%emt 0:04:09]} Qd5 {[%emt 0:03:12]} 27. Qf4 Bf5 28. g4 {[%emt 0:02:04]} g5 {[%emt 0:05:17]} 29. Qe3 {[%emt 0:00:22]} Bc2 {[%emt 0:00:20]} 30. c4 {[%emt 0:00:37]} Qd1+ {[%emt 0:01:16]} 31. Kf2 {[%emt 0:00:13]} Bxb3 {[%emt 0:00:24]} 32. Kg3 {[%emt 0:00:15]} Bc2 {[%emt 0:03:39]} 33. h4 {[%emt 0:00:19]} f6 {[%emt 0:00:40]} 34. Nd3 {[%emt 0:01:36]} gxh4+ {[%emt 0:04:50]} 35. Kxh4 {[%emt 0:00:03]} Qxd3 {[%emt 0:00:08]} 36. Qxe6+ {[%emt 0:00:12]} Kf8 {[%emt 0:00:01]} 37. Qxf6+ {[%emt 0:00:45]} Ke8 {[%emt 0:00:02]} 38. Qxh6 {[%emt 0:01:02]} Qxf3 {[%emt 0:01:06]} 39. Qh8+ {[%emt 0:00:36]} Qf8 {[%emt 0:00:52]} 40. Qc3 {[%emt 0:00:26]} Qh6+ {[%emt 0:01:34]} 41. Kg3 {[%emt 0:30:03]} Qd6+ {[%emt 0:30:32]} 42. Kf2 {[%emt 0:00:02]} Qf4+ {[%emt 0:00:19]} 43. Ke1 {[%emt 0:00:29]} Be4 {[%emt 0:00:32]} 44. c5 {[%emt 0:00:27]} b5 {[%emt 0:03:36]} 45. c6 {[%emt 0:00:00]} b4 {[%emt 0:00:00]} 46. Qh8+ {[%emt 0:00:00]} Ke7 {[%emt 0:00:00]} 47. Qd4 {[%emt 0:00:00]} Qg3+ {[%emt 0:00:00]} 48. Kd2 {[%emt 0:00:00]} Qd6 {[%emt 0:00:00]} 0-1

[Event "Marienbad IM-I 2022"]
[Site "Marianske Lazne"]
[Date "2022.01.21"]
[Round "8.11"]
[White "Matras, Ondrej"]
[Black "Bracker, Arne"]
[Result "1/2-1/2"]
[WhiteElo "2223"]
[BlackElo "2268"]
[Annotator "TA"]
[PlyCount "62"]
[EventDate "2022.01.15"]
[EventType "tourn"]
[EventCountry "CZE"]
[SourceTitle "playchess.com"]
[Source "ChessBase"]
[SourceQuality "1"]

{[%evp 9,62,-22,-12,-28,-14,-38,-29,-50,-43,-40,-22,-39,-31,-32,-30,-21,-34,-38,-34,-95,-54,-95,-101,-104,8,13,11,0,0,0,7,0,0,0,0,-10,-8,-35,-30,-45,-27,-21,-10,-14,-19,-18,-2,-15,0,0,0,0,0,0,0]} 1. d4 Nf6 2. c4 e6 3. Nc3 Bb4 4. Qc2 d5 5. Bg5 dxc4 6. Nf3 {E34: Nimzo-Indian: Classical: 4...d5.} b5 7. g3 Bb7 {And now ...Bxf3 would win.} 8. Bg2 {Black has an edge.} Nbd7 {[#]} 9. O-O $146 ({Predecessor:} 9. a4 c6 10. O-O Qb6 11. e4 a6 12. e5 Nd5 13. Ne4 h6 14. Bd2 Be7 15. b3 cxb3 16. Qxb3 {0-1 (30) Luetke,J (2201)-Maslak,S (2301) Germany 2015}) 9... a6 10. a4 Bxc3 11. bxc3 O-O 12. axb5 axb5 13. Qb2 Bc6 14. Rfe1 (14. Bxf6 $15 Nxf6 15. Ne5 Bxg2 16. Kxg2) 14... Qc8 ({Black should play} 14... Qb8 $17) 15. Nd2 (15. Bxf6 $15 Nxf6 16. Ne5 Bxg2 17. Kxg2) 15... Bxg2 $17 16. Kxg2 h6 (16... Rb8 $17 17. e4 c5) 17. Bxf6 $11 {[#] Hoping for Be7.} Qb7+ 18. Kg1 {Strongly threatening Rxa8.} Nxf6 19. Nxc4 Ng4 20. h3 Qd5 21. Nd2 {[%cal Bc4d2,Bd2f3,Bf3e5][%mdl 32]} Nf6 22. Nf3 Ne4 23. Ne5 {Prevents Qc4.} c5 24. Nd3 cxd4 25. cxd4 Rfd8 {The position is equal.} 26. Rxa8 Rxa8 27. Ra1 {[%cal Be1a1,Ba1a5,Ba5b5,Bb5b7][%mdl 32] To avoid Ra2} Rd8 28. Ra5 Qxd4 29. Qxd4 Rxd4 30. Rxb5 Rd8 31. Rb7 Nd6 {Weighted Error Value: White=0.10 (very precise) /Black=0.14 (very precise)} 1/2-1/2

[Event "Marienbad IM-I 2022"]
[Site "Marianske Lazne"]
[Date "2022.01.21"]
[Round "8.12"]
[White "Smolik, Jachym"]
[Black "Mantovani, Renzo"]
[Result "1/2-1/2"]
[WhiteElo "2244"]
[BlackElo "2272"]
[Annotator "TA"]
[PlyCount "97"]
[EventDate "2022.01.15"]
[EventType "tourn"]
[EventCountry "CZE"]
[SourceTitle "playchess.com"]
[Source "ChessBase"]
[SourceQuality "1"]

{[%evp 14,97,31,22,26,29,19,12,39,29,42,39,54,44,50,0,0,0,0,-10,0,0,0,0,0,0,0,0,10,0,29,0,0,0,0,0,0,0,1,5,41,28,25,0,0,1,15,9,31,9,15,19,27,22,27,9,9,0,0,2,131,0,0,0,1,1,5,5,3,0,15,15,15,15,15,8,8,0,0,0,0,0,0,0,0,0]} 1. d4 d6 2. e4 Nf6 3. Nc3 c6 4. a4 e5 5. Nge2 Nbd7 6. g3 Be7 7. Bg2 O-O 8. O-O Qc7 {B07: Pirc Defence: Miscellaneous Systems.} 9. h3 b6 10. Be3 Bb7 11. g4 d5 12. exd5 $1 Nxd5 13. Nxd5 cxd5 14. c3 ({White should try} 14. dxe5 $14 Nxe5 15. Bf4) 14... e4 $11 {[#]} 15. f3 $146 ({Predecessor:} 15. Ng3 g6 16. f4 Ba6 17. Ne2 f5 18. g5 Bd6 19. Rf2 Rfe8 20. Bf1 Nf8 21. Ng3 Bxf1 22. Qxf1 {½-½ (50) Brin,I (1758)-Bakhtiguzin,A (2029) Krasnoyarsk 2015}) 15... exf3 16. Rxf3 Nf6 17. Bf4 Bd6 18. Bxd6 Qxd6 19. Qd2 Rae8 20. Qf4 Qd7 21. Ng3 Ne4 22. Re3 {[%cal Rg3e4]} Nxg3 23. Qxg3 Rxe3 24. Qxe3 Re8 25. Qf2 Re6 26. a5 Qe7 27. axb6 $1 axb6 28. Qg3 g5 29. Ra7 {[#] Strongly threatening Qb8+.} Kg7 30. Bf1 Re3 31. Qf2 {[%cal Oa7b7] Rxb7! is the strong threat.} Re6 32. Kg2 Rf6 {To avoid Qf5} 33. Qe2 Re6 34. Qd2 h6 $1 35. Bd3 Re3 36. b3 b5 {[#]} (36... Re6 $11) 37. Ra1 ({But not} 37. Bxb5 $2 Qe4+ 38. Kh2 Qf4+ 39. Kg1 Rg3+ 40. Qg2 Qe3+ 41. Kh2 Rxg2+ $19) ({Much worse is} 37. Rxb7 $6 Rxd3 38. Qxd3 (38. Rxe7 Rxd2+ 39. Kf3 b4 $17) 38... Qxb7 $11) (37. b4 $1 $16) 37... Bc6 {[%cal Ob5b4] Threatens to win with ...b4! The position is equal.} 38. Rf1 Bd7 39. Rf2 Kg8 {[%cal Bg7g8,Bg8f8,Bf8e7,Be7d6][%mdl 32]} 40. Re2 Rxe2+ 41. Qxe2 Qxe2+ 42. Bxe2 {[%mdl 4096] Endgame KB-KB} Kf8 43. Bf3 Be6 44. Kf2 Ke7 45. Ke3 Kd6 46. Kd3 f5 47. Ke3 f4+ 48. Kd2 Bf7 49. b4 {Weighted Error Value: White=0.08 (flawless) /Black=0.10 (very precise)} 1/2-1/2

[Event "Marienbad IM-I 2022"]
[Site "Marianske Lazne"]
[Date "2022.01.21"]
[Round "8.13"]
[White "Ricken, Katharina"]
[Black "Jurek, Josef"]
[Result "1/2-1/2"]
[WhiteElo "2004"]
[BlackElo "2207"]
[Annotator "TA"]
[PlyCount "43"]
[EventDate "2022.01.15"]
[EventType "tourn"]
[EventCountry "CZE"]
[SourceTitle "playchess.com"]
[Source "ChessBase"]
[SourceQuality "1"]

{[%evp 9,43,11,31,28,36,28,13,22,79,7,19,30,47,21,55,-6,50,37,33,59,95,78,48,80,59,62,194,187,189,184,179,0,0,0,189,0]} 1. Nf3 Nf6 2. g3 b5 3. Bg2 Bb7 4. Na3 a6 5. c4 e5 6. O-O {A05: Réti Opening: 1 Nf3 Nf6.} e4 7. Nh4 Bxa3 8. bxa3 {The position is equal.} bxc4 {[#]} (8... O-O $11 {remains equal.}) 9. Qa4 $146 (9. Bb2 $16) ({Predecessor:} 9. Bb2 O-O 10. f3 exf3 11. Bxf3 Bxf3 12. Rxf3 Ne4 13. Nf5 f6 14. d3 Ng5 15. Rf1 cxd3 16. Qxd3 {0-1 (31) Maletin,P (2571)-Korobov,A (2702) Moscow 2013}) 9... O-O 10. Qxc4 d5 11. Qb3 Ra7 12. a4 (12. d3 $14) 12... Nbd7 (12... Re8 $11) 13. Ba3 c5 14. Rac1 Qa5 15. Qe3 d4 16. Qf4 Re8 17. Nf5 {[%cal Oc1c5]} Bd5 {[#]} (17... h6 $14) 18. Qg5 $1 $18 {[%csl Gf5][%cal Rg5g7]} g6 {[#]} 19. Bxc5 $1 {[%mdl 512]} Nxc5 20. Nh6+ Kg7 {...Ncd7 is the strong threat.} 21. Nf5+ Kg8 {Threatens to win with ...Ncd7.} 22. Nh6+ $2 {Weighted Error Value: White=0.28 (precise) /Black=0.28 (precise)} (22. Qxf6 $18 {[%csl Gf5][%cal Rf6g7]} gxf5 23. Qxd4) 1/2-1/2